Perspektívy regiónov v spoločnej Európe Marianka 12.-14.12. 2002
Uložené v:
| Hlavný autor: | |
|---|---|
| Ďalší autori: | , , , , , , |
| Médium: | Kniha |
| Jazyk: | Slovak |
| Vydavateľské údaje: |
[S.l.]
Nadácia Antona Tunegu
2002
|
| Predmet: | |
| Tagy: |
Žiadne tagy, Buďte prvý, kto otaguje tento záznam!
|
MARC
| LEADER | 00000nam a2200000 4500 | ||
|---|---|---|---|
| 001 | 0128673 | ||
| 005 | 20240502072456.7 | ||
| 041 | 0 | |a slo | |
| 044 | |a SK | ||
| 245 | 1 | 0 | |a Perspektívy regiónov v spoločnej Európe |b Marianka 12.-14.12. 2002 |c Jozef Tvrdoň ... [et al.] |
| 264 | 1 | |a [S.l.] |b Nadácia Antona Tunegu |c 2002 | |
| 300 | |a [50] s. | ||
| 610 | 2 | 0 | |a regióny |
| 610 | 2 | 0 | |a politika regionálna |
| 610 | 2 | 0 | |a rozvoj regionálny |
| 610 | 2 | 0 | |a rozvoj sociálny |
| 610 | 2 | 0 | |a plán |
| 610 | 2 | 0 | |a programy rozvojové |
| 610 | 2 | 0 | |a financovanie |
| 610 | 2 | 0 | |a spolupráca medzinárodná |
| 610 | 2 | 0 | |a partnerstvo strategické |
| 610 | 2 | 0 | |a Európska únia |
| 610 | 2 | 0 | |a Slovensko |
| 100 | 1 | |a Tvrdoň, Jozef | |
| 700 | 1 | |a Sopko, Štefan | |
| 700 | 1 | |a Sopúšek, Boris | |
| 700 | 1 | |a Bošnák, Štefan | |
| 700 | 1 | |a Hosmaj, Jozef | |
| 700 | 1 | |a Reiner, Peter | |
| 700 | 1 | |a Rešeta, Drahomír | |
| 700 | 1 | |a Pitoňák, Daniel | |